Biggest cities in Afghanistan on a map - Statistics

General Stats
  • This quiz has been taken 110 times
  • The average score is 4 of 10
Answers on the Map
Answers color-coded by a green-red scale on the quiz's map according to % correct below.
 
Answer Stats
Hint Answer % Correct
4,434,600 Kābul
98%
574,300 Herāt
72%
523,300 Kandahār
71%
271,900 Jalālābād
57%
484,500 Mazār-e Sharīf
50%
189,300 Kunduz
33%
89,300 Lashkargāh
10%
96,000 Meymaneh
10%
93,600 Sheberghān
7%
123,700 Pul-e Khumrī
3%
No matching quizzes found
Score Distribution
Percent of People with Each Score
Percentile by Number Answered
Your Score History
You have not taken this quiz